000 00251nam a2200109Ia 4500
008 190914s9999||||xx |||||||||||||| ||und||
100 _aJustis Judd
245 0 _aFranchising
260 _aNew Delhi
_bMcGraw Hill
_c2001
300 _a1049
942 _cBK
999 _c8375
_d8375